000 00982nam0a22002531 4500
001 rc\4992064
005 20250613054523.0
021 _aRU
_bРг620-59
035 _a(NLR Aleph) 008972672
090 _a9134845
_c9134845
100 _a20130430d1958 |||y0rusy50 ca
101 0 _arus
102 _aRU
105 _ay z |||||
200 1 _aИстория края в период Великой Октябрьской социалистической революции и гражданской войны в Муромском краеведческом музее
_fМ-во культуры РСФСР. Науч.-исслед. ин-т музееведения
210 _aМосква
_cБ. и.
_d1958
215 _a[2], 73 с.
_d19
300 _aНапеч. на ротапринте
700 1 _aСафронов
_bС.С.
_gСергей Сергеевич
801 0 _aRU
_bNLR
_gpsbo
801 1 _aRU
_bELAR
_2rusmarc
852 _aNLR
_j59-4/1861
942 _cBOOK
980 _aNB